States That Beat New Hampshire - Statistics

General Stats
  • This quiz has been taken 269 times
    215 since last reset
  • The average score is 13 of 17
Answer Stats
Rank Category Answer % Correct
10 Least Populous Wyoming | Vermont | Alaska | North Dakota | South Dakota | Delaware | Rhode Island | Montana | Maine
100%
9(t) Coldest Average Temperature Alaska | North Dakota | Maine | Minnesota | Wyoming | Montana | Vermont | Idaho | Wisconsin(t)
97%
5 Smallest by Area Rhode Island | Delaware | Connecticut | New Jersey
96%
9 Highest % With a College Degree Massachusetts | Colorado | New Jersey | Maryland | Connecticut | Virginia | Vermont | New York
94%
5 Fewest Counties or County-Equivalents Delaware | Hawaii | Rhode Island | Connecticut
89%
7 Richest by Median Income Maryland | New Jersey | Hawaii | Massachusetts | Connecticut | California
88%
9(t) Highest % Catholic Rhode Island | Massachusetts | New Jersey | New Mexico | Connecticut | New York | California | Illinois | Louisiana(t) | North Dakota(t)
86%
4 Highest % White Maine | Vermont | West Virginia
84%
4 Longest Segment of the Appalachian Trail Pennsylvania | Maine | Virginia
83%
5 Lowest Gun Ownership Rate Delaware | Rhode Island | New York | New Jersey
82%
9 Closest in Recent U.S. Presidential Elections Florida | Iowa | North Carolina | Ohio | Pennsylvania | Georgia | Wisconsin | Arizona
82%
4 Highest % Born Out of State Nevada | Florida | Arizona
63%
2 Highest % Forested Maine
59%
2 Shortest Canadian Border Idaho
58%
2(t) Oldest by Median Age Maine | Vermont(t)
54%
2 Least Religious Vermont
47%
4 Fewest Per Capita Traffic Deaths New York | Massachusetts | Minnesota
46%
No matching quizzes found
Score Distribution
Percent of People with Each Score
Percentile by Number Answered
Your Score History
You have not taken this quiz since the last reset